BIBLIOTECA

SENCICO

Principios de finanzas corporativas / (Registro nro. 228)

Detalles MARC
000 -LEADER
fixed length control field 02423nam a2200265Ia 4500
003 - CONTROL NUMBER IDENTIFIER
control field PE SENCICO BE
005 - DATE AND TIME OF LATEST TRANSACTION
control field 20251020182430.0
008 - FIXED-LENGTH DATA ELEMENTS--GENERAL INFORMATION
fixed length control field 200515s9999 xx 000 0 und d
020 ## - INTERNATIONAL STANDARD BOOK NUMBER
International Standard Book Number 84-481-2023-X
040 ## - CATALOGING SOURCE
Original cataloging agency PE SENCICO BE
Transcribing agency PE SENCICO BE
041 ## - LANGUAGE CODE
Language code of text/sound track or separate title spa
082 ## - DEWEY DECIMAL CLASSIFICATION NUMBER
Classification number 338.6041
Item number B82 1998
100 1# - MAIN ENTRY--PERSONAL NAME
Personal name Brealey, Richard A.
9 (RLIN) 2537
Relator term autor
245 10 - TITLE STATEMENT
Title Principios de finanzas corporativas /
Statement of responsibility, etc. Richard A. Brealey, Stewart C. Myers
250 ## - EDITION STATEMENT
Edition statement 5a ed.
260 ## - PUBLICATION, DISTRIBUTION, ETC.
Place of publication, distribution, etc. Madrid :
Name of publisher, distributor, etc. McGraw-Hill ;
Date of publication, distribution, etc. 1996
300 ## - PHYSICAL DESCRIPTION
Extent 805 p. :
Other physical details tbl., graf. ;
Dimensions 20 cm.
505 0# - FORMATTED CONTENTS NOTE
Formatted contents note Por qué son importantes las finanzas -- Valor actual y coste de oportunidad del capital -- Cómo calcular valores actuales -- Valoración de acciones ordinarias -- ¿Por qué el valor actual neto conduce a mejores decisiones de inversión que otros criterios? -- Adopción de decisiones de inversión con el criterio del valor actual neto -- Introducción al riesgo, rentabilidad y coste de oportunidad del capital -- Riesgo y rentabilidad -- Presupuesto de capital y riesgo -- Un proyecto no es una caja negra -- Origen de los valores actuales netos positivos -- Organización de las inversiones de capital y evaluación del resultado -- La financiación empresarial y las seis lecciones de la eficiencia del mercado -- Panorámica de la financiación empresarial -- Como emiten títulos las empresas -- La controversia sobre los dividendos -- ¿Es irrelevante la política de endeudamiento? -- ¿Cuanto debería endeudarse una empresa? -- Interrelaciones de las decisiones de inversión y de financiación -- Los pasivos de la empresa y la valoración de opciones -- Aplicación de la teoría de valoración de opciones -- Derechos de suscripción y convertibles (warrants) -- Valoración de la deuda con riesgo -- Los diferentes tipos de deuda -- Cobertura del riesgo financiero -- Arrendamiento financiero (leasing) -- Análisis financiero -- Aproximaciones a la planificación financiera -- Planificación financiera a corto plazo -- Gestión de crédito -- Gestión de tesorería -- Préstamos y endeudamiento a corto plazo -- Fusiones -- Gestión financiera internacional
650 10 - SUBJECT ADDED ENTRY--TOPICAL TERM
Topical term or geographic name entry element Finanzas
9 (RLIN) 2535
650 20 - SUBJECT ADDED ENTRY--TOPICAL TERM
Topical term or geographic name entry element Administración financiera
9 (RLIN) 2538
650 20 - SUBJECT ADDED ENTRY--TOPICAL TERM
Topical term or geographic name entry element Finanzas internacionales
9 (RLIN) 2539
650 20 - SUBJECT ADDED ENTRY--TOPICAL TERM
Topical term or geographic name entry element Política económica
9 (RLIN) 732
700 1# - ADDED ENTRY--PERSONAL NAME
9 (RLIN) 2540
Personal name Myers, Stewart C.
Relator term autor
942 ## - ADDED ENTRY ELEMENTS (KOHA)
Koha item type Libros
Source of classification or shelving scheme Dewey Decimal Classification
Existencias
Fecha de la última vez que lo usaron Número de ingreso o de inventario Pago total Signatura topográfica completa Código de barras Precio efectivo desde Tipo de documento Estado perdido Sistema de clasificación Estado dañado No es para préstamo Retirado Ubicación permanente Ubicación actual Fecha de adquisición
15/05/2020 11990   338.6041/B82/1998 BibLima24080025 15/05/2020 Libros   Dewey Decimal Classification       Biblioteca Central Lima Biblioteca Central Lima 15/05/2020